[Event "GER-chT Lands U20"]
[Site "Bad Sulza"]
[Date "2004.11.18"]
[Round "5.3"]
[White "Toepfer, Lukas"]
[Black "Mueller, Philipp"]
[Result "1-0"]
[WhiteElo "1585"]
[BlackElo "2016"]
[PlyCount "63"]
[EventDate "2004.11.15"]
[EventType "team-swiss"]
[EventRounds "7"]
[EventCountry "GER"]
[SourceTitle "EXT 2006"]
[Source "ChessBase"]
[SourceDate "2005.11.24"]
[SourceVersion "1"]
[SourceVersionDate "2005.11.24"]
[SourceQuality "1"]

1. e4 c5 2. Nc3 e6 3. g3 g6 4. Bg2 Bg7 5. d3 Nc6 6. Be3 Nd4 7. Qd2 Ne7 8. Nd1 d6 9. c3 Ndc6 10. Bh6 0-0 11. h4 Bxh6 12. Qxh6 Kh8 13. h5 Ng8 14. Qd2 d5 15. Nf3 dxe4 16. hxg6 fxg6 17. Ng5 Nf6 18. Bxe4 Nxe4 19. Rxh7+ Kg8 20. dxe4 Qxd2+ 21. Kxd2 Ne5 22. Rh1 b6 23. f4 Rd8+ 24. Kc2 Nc4 25. Rh2 Bb7 26. b3 Nd6 27. Nf2 Re8 28. Rah1 Kf8 29. Rh8+ Ke7 30. R1h7+ Kd8 31. Rxe8+ Kxe8 32. e5 1-0

[Event "GER-chT U12"]
[Site "Seifhennersdorf"]
[Date "2001.12.29"]
[Round "6.1"]
[White "Shmirina, Evgenija"]
[Black "Toepfer, Lukas"]
[Result "1-0"]
[WhiteElo "1846"]
[BlackElo "1245"]
[PlyCount "79"]
[EventDate "2001.12.27"]
[EventType "team"]
[EventRounds "7"]
[EventCountry "GER"]
[SourceTitle "EXT 2003"]
[Source "ChessBase"]
[SourceDate "2002.11.25"]
[SourceVersion "1"]
[SourceVersionDate "2002.11.25"]
[SourceQuality "1"]

1. e4 d6 2. d4 Nf6 3. Nc3 c6 4. f3 Nbd7 5. Be3 e5 6. Nge2 Be7 7. Qd2 b5 8. d5 cxd5 9. Nxd5 Bb7 10. Nec3 a6 11. 0-0-0 Nxd5 12. Nxd5 Bxd5 13. Qxd5 b4 14. Bc4 0-0 15. Qd2 a5 16. h4 Nb6 17. Bd3 Qc7 18. g4 Nc4 19. Bxc4 Qxc4 20. Kb1 a4 21. h5 b3 22. cxb3 axb3 23. a3 Ra6 24. g5 d5 25. Rc1 Qb5 26. Qxd5 Qxd5 27. exd5 Ra5 28. Rhd1 Rd8 29. d6 Bf8 30. Bb6 Raa8 31. Bxd8 Rxd8 32. a4 h6 33. gxh6 gxh6 34. a5 Kg7 35. a6 Kf6 36. d7 Ke6 37. a7 Be7 38. Rc8 Bc5 39. Rxd8 Bxa7 40. Re8+ 1-0

[Event "GER-chT U12"]
[Site "Seifhennersdorf"]
[Date "2001.12.27"]
[Round "1.1"]
[White "Toepfer, Lukas"]
[Black "Kleine, Jannik"]
[Result "0-1"]
[WhiteElo "1245"]
[BlackElo "1446"]
[PlyCount "126"]
[EventDate "2001.12.27"]
[EventType "team"]
[EventRounds "7"]
[EventCountry "GER"]
[SourceTitle "EXT 2003"]
[Source "ChessBase"]
[SourceDate "2002.11.25"]
[SourceVersion "1"]
[SourceVersionDate "2002.11.25"]
[SourceQuality "1"]

1. c4 c5 2. Nc3 Nc6 3. e4 e5 4. g3 d6 5. Bg2 g6 6. h3 Bg7 7. Nge2 Nge7 8. 0-0 0-0 9. d3 f5 10. exf5 gxf5 11. f4 Be6 12. Be3 Qd7 13. fxe5 Nxe5 14. Nf4 Kh8 15. Nh5 Rg8 16. Bg5 Raf8 17. Qd2 N7c6 18. Nd5 Bxd5 19. Bxd5 Nf7 20. Nxg7 Nxg5 21. Qxg5 Rxg7 22. Qh4 Nb4 23. Rfd1 Nxd5 24. cxd5 Rfg8 25. Qf6 Qe8 26. Re1 Qg6 27. Qxg6 Rxg6 28. Re7 Rxg3+ 29. Kf2 Rxd3 30. Ke2 Rxh3 31. Rxb7 Rg2+ 32. Kf1 Rhh2 33. Re1 Rh1+ 34. Kxg2 Rxe1 35. Kf2 Rd1 36. Rxa7 Rd2+ 37. Ke3 Rxb2 38. Ra6 Kg7 39. Rxd6 Rxa2 40. Rc6 Ra4 41. Rxc5 Kf6 42. Rc6+ Ke5 43. d6 Ra3+ 44. Kf2 Rd3 45. Rc5+ Kf4 46. Rc6 h5 47. Rc4+ Kg5 48. Rc6 f4 49. Rc5+ Kg4 50. Rc6 h4 51. Ke2 Rd5 52. Kf2 h3 53. Rb6 Rd2+ 54. Kg1 Kg3 55. Rb3+ f3 56. Rb1 Rxd6 57. Rc1 Rd2 58. Rb1 Re2 59. Rc1 Rd2 60. Rb1 Re2 61. Rc1 f2+ 62. Kf1 Re1+ 63. Rxe1 fxe1Q+ 0-1

[Event "GER-chT U12"]
[Site "Verden"]
[Date "2000.12.30"]
[Round "6.1"]
[White "Toepfer, Lukas"]
[Black "Von der Ahe, Florian"]
[Result "0-1"]
[WhiteElo "884"]
[BlackElo "1324"]
[PlyCount "98"]
[EventDate "2000.12.26"]
[EventType "team"]
[EventRounds "7"]
[EventCountry "GER"]
[SourceTitle "EXT 2008"]
[Source "ChessBase"]
[SourceDate "2007.11.25"]
[SourceVersion "1"]
[SourceVersionDate "2007.11.25"]
[SourceQuality "1"]
[WhiteTeam "Breitenworbis U12"]
[BlackTeam "Kuppenheim Rochade U12"]
[WhiteTeamCountry "GER"]
[BlackTeamCountry "GER"]

1. e4 c5 2. Nc3 Nc6 3. g3 e6 4. Bg2 Nf6 5. d3 Be7 6. Nge2 0-0 7. 0-0 a6 8. f4 d6 9. Be3 Rb8 10. h3 d5 11. exd5 exd5 12. d4 c4 13. f5 b5 14. a3 Re8 15. Bg5 Qb6 16. Nxd5 Nxd5 17. Bxd5 Bxg5 18. c3 Bb7 19. Bg2 Ne7 20. Qc2 Bxg2 21. Kxg2 Nd5 22. Kh2 Ne3 23. Qb1 Nxf1+ 24. Qxf1 Qd6 25. Rd1 Qe7 26. Ng1 h6 27. h4 Be3 28. Ne2 Qe4 29. Kh3 Qc2 30. d5 Bc5 31. Nc1 Rbd8 32. Qf3 Re3 33. Qf1 Qxb2 34. f6 Qxc3 35. Qg2 Qxf6 36. Rf1 Qe7 37. Qd2 Qd7+ 38. Kh2 Qxd5 39. Qc2 Qd2+ 40. Qxd2 Rxd2+ 41. Kh1 Bxa3 42. g4 Bxc1 43. Rxc1 c3 44. Kg1 c2 45. Kf1 Rd1+ 46. Rxd1 cxd1Q+ 47. Kf2 Qe2+ 48. Kg1 Rg3+ 49. Kh1 Qg2# 0-1